00862nam a2200265 a 450000100060000000300080000600500170001400800410003103500190007204000510009104100080014206000220015008200250017210000320019724500630022926000300029230000330032249000610035550000210041665000160043765000260045365000260047965000290050583000620053468873BD-RjUL20211209081823.0170406s1963 nyua 001 0 eng d a(BD-RjUL)69084 aDLC/ICUcCGUdDLCdUKMdNLMdEQOdBD-RjULbeng aeng00aQW 52bH713f 196300a612.39223bHOF 19631 aHofmann, Klaus,d1911-1995.10aFatty acid metabolism in microorganisms. /cKlaus Hofmann. aNew York :bWiley,c1963. axii, 78 p. :bill. ;c19 cm.1 aE.R. Squibb lectures on chemistry of microbial products, aIncludes Indexes 0ametabolism. 0aBacteriaxPhysiology. 2aBacteriaxmetabolism. 2aFatty Acidsxmetabolism. 0aE.R. Squibb lectures on chemistry of microbial products ;